[Event "Stein am Rhein op 11th"]
[Site "Stein am Rhein"]
[Date "2020.02.09"]
[Round "4"]
[White "Bounlom, Jannik"]
[Black "Gmuer, Simon"]
[Result "1-0"]
[WhiteElo "2108"]
[BlackElo "1762"]
[PlyCount "83"]
[EventDate "2020.02.07"]
[EventType "swiss"]
[EventRounds "5"]
[EventCountry "SUI"]
[SourceTitle "CBM 195 Extra"]
[Source "ChessBase"]
[SourceDate "2020.05.31"]
[SourceVersion "1"]
[SourceVersionDate "2020.05.31"]
[SourceQuality "1"]

1. e4 c5 2. Nf3 e6 3. d4 cxd4 4. Nxd4 Nc6 5. Nc3 Qc7 6. Be3 a6 7. Qd2 Nf6 8. 0-0-0 Ng4 9. Bg5 Bc5 10. Nxc6 bxc6 11. Bh4 0-0 12. Na4 Ba7 13. h3 Nf6 14. Bxf6 gxf6 15. Bd3 e5 16. g4 d6 17. Rdg1 Kh8 18. Qh6 Qe7 19. Nc3 Rg8 20. Rf1 Be6 21. Ne2 Rg6 22. Qd2 Rb8 23. Kb1 Qb7 24. c3 Qc7 25. f4 Qa5 26. Nc1 Rgg8 27. f5 Bd7 28. Nb3 Qd8 29. Bxa6 c5 30. Bc4 Bc6 31. Bd5 Qc7 32. Re1 c4 33. Bxc4 d5 34. Bxd5 Bxd5 35. exd5 Qc4 36. Na5 Qc5 37. Nc6 Rb7 38. Re4 Rc8 39. Nxa7 Qxc3 40. Qxc3 Rxc3 41. Nc6 Rd3 42. Nb4 1-0